|
|
|
|
| LEADER |
01115nam a2200277 a 4500 |
| 001 |
13304646 |
| 008 |
100523r20082004enka b 001 0 eng d |
| 010 |
|
|
|a \\2003060911
|
| 020 |
|
|
|a 9780199545070
|
| 020 |
|
|
|a 0199545073
|
| 020 |
|
|
|a 0199253013
|
| 040 |
|
|
|a DLC
|c DLC
|d DLC
|d BD-DhAAL
|
| 082 |
0 |
0 |
|a 801/.95/0904
|2 22
|
| 245 |
0 |
0 |
|a Literature in the modern world :
|b critical essays and documents /
|c edited by Dennis Walder.
|
| 250 |
|
|
|a 2nd rev. ed.
|
| 260 |
|
|
|a Oxford ;
|a New York :
|b Oxford University Press,
|c 2004.
|
| 300 |
|
|
|a viii, 540 p. :
|b ill. ;
|c 24 cm.
|
| 504 |
|
|
|a Includes bibliographical references and indexes.
|
| 541 |
1 |
|
|e 00020309
|
| 650 |
|
0 |
|a Criticism
|x History
|y 20th century.
|
| 650 |
|
0 |
|a Literature, Modern
|y 20th century
|x History and criticism.
|
| 651 |
|
0 |
|a Developing countries
|x Literatures
|x Western influences.
|
| 700 |
1 |
|
|a Walder, Dennis.
|
| 852 |
4 |
|
|a Ayesha Abed Library
|j General Shelf
|
| 999 |
|
|
|c 8682
|d 8682
|
| 952 |
|
|
|0 0
|1 0
|2 ddc
|4 0
|6 801_950904000000000_LIT_2008
|7 0
|9 10445
|a BRACUL
|b BRACUL
|c GEN
|d 2010-05-24
|l 7
|m 10
|o 801.950904 LIT
|p 3010020309
|r 2022-07-21
|s 2022-07-07
|t 1
|w 2010-05-24
|y BK
|